A child's parent dies : studies in childhood bereavement

Αποθηκεύτηκε σε:
Λεπτομέρειες βιβλιογραφικής εγγραφής
Κύριος συγγραφέας: Furman, Erna
Μορφή: Βιβλίο
Γλώσσα:English
Δημοσίευση: New Haven : Yale University Press, 1974
Θέματα:
Ετικέτες: Προσθήκη ετικέτας
Δεν υπάρχουν, Καταχωρήστε ετικέτα πρώτοι!

MARC

LEADER 00000nam a2200000 i 4500
001 1/99662
008 000127s1974 eng d
020 |a 0-300-02645-5 
035 |l 10056972 
040 |a GR-MY-UA  |b gre  |e aacr 
041 0 |a eng 
082 0 |a 301.4286 
100 1 |a Furman, Erna. 
245 1 2 |a A child's parent dies :  |b studies in childhood bereavement /  |c Erna Furman 
260 |a New Haven :   |b Yale University Press,   |c 1974 
300 |a 316 p. 
650 0 0 |a Children and death  |x Case studies. 
650 0 0 |a Parents  |x Death  |x Psychological aspects. 
650 0 0 |a Bereavement  |x Case studies. 
852 |a INST  |b RHODES  |e 20000127  |h 301.4286 FUR  |p 005400012154  |q 005400012154  |t BK  |y 0 
901 |a BIBL4-2000-1 
909 |a Ρ  |b 068684 
922 |a 4ΕΛΗ  |b 199909  |c ΚΠΣ/154  |d GLORY BOOKS 
970 |a ΚΟΥΛΑΚΙΟΤΗ  |b ΛΙΤΣΑ  |z 2000/01/27